000 00575nam a22001697a 4500
003 UA-OsUOA
001 11701
007 ta
008 20050407b un ||||| |||| 00| 0 ukr d
942 _cSA
040 _aUA-OsUOA
_cUA-OsUOA
_dUA-OsUOA
245 _aЦивільний і Господарський кодекси України : проблемні аспекти практичного застосування
300 _aС.2-3
955 _a0
773 0 _w0
_tПраця і зарплата
_dКиїв
_d2005
_g№12
650 7 _aГосподарське право
_2UDC
999 _c297862
_d297862